| 000 | 00982cam a2200301 a 4500 | ||
|---|---|---|---|
| 001 | 12631199 | ||
| 003 | ARRUPE | ||
| 005 | 20240216094922.0 | ||
| 008 | 011102s2001 stk 000 0beng | ||
| 010 | _a 2001391519 | ||
| 015 | _aGBA1-U6681 | ||
| 020 | _a184018597X | ||
| 035 | _a(OCoLC)ocm48415653 | ||
| 040 |
_aUKM _cUKM _dDLC |
||
| 043 |
_aa-su--- _aa-af--- |
||
| 050 | 0 | 0 |
_aHV6430.B55 _bR63 2001 |
| 082 | 0 | 0 |
_a958.104/6/092 _aB _221 |
| 100 | 1 |
_aRobinson, Adam. _952450 |
|
| 245 | 1 | 0 |
_aBin Laden : _bbehind the mask of the terrorist / _cAdam Robinson. |
| 260 |
_aEdinburgh : _bMainstream, _c2001. |
||
| 300 |
_a288 p. ; _c20 cm. |
||
| 600 | 1 | 0 |
_aBin Laden, Osama, _d1957-2011. _952451 |
| 650 | 0 |
_aTerrorists _zSaudi Arabia _vBiography. _952452 |
|
| 650 | 0 |
_aTerrorism _xReligious aspects _xIslam. _923980 |
|
| 906 |
_a7 _bcbc _ccopycat _d1 _encip _f20 _gy-gencatlg |
||
| 942 |
_2lcc _cMONOGRAPH |
||
| 999 |
_c131804 _d131804 |
||